Implementácia účtovných zásad v kontexte vnútorného kontrolného systému bakalárska práca

Gespeichert in:
Bibliographische Detailangaben
1. Verfasser: Vargová, Vivien
Körperschaft: Fakulta hospodárskej informatiky EU. Katedra účtovníctva a audítorstva
Weitere Verfasser: Gedeon, Milan, 1993-
Format: Buch
Sprache:Slowakisch
Veröffentlicht: Bratislava 2024
Tags: Tag hinzufügen
Keine Tags, Fügen Sie das erste Tag hinzu!

MARC

LEADER 00000nbm a2200000 4500
001 0302621
005 20250131121219.1
041 0 |a slo 
044 |a SK 
245 1 0 |a Implementácia účtovných zásad v kontexte vnútorného kontrolného systému  |b bakalárska práca  |c Vivien Vargová ; školiteľ: Milan Gedeon 
264 1 |a Bratislava  |c 2024 
300 |a 50 s. 
100 1 |a Vargová, Vivien 
700 1 |a Gedeon, Milan, 1993- 
710 2 |a Fakulta hospodárskej informatiky EU. Katedra účtovníctva a audítorstva